| 000 | 01102nam0a2200289 4500 | ||
|---|---|---|---|
| 001 | RU\NLR\ONL2\3053 | ||
| 005 | 20250613124819.0 | ||
| 035 | _a(NLR Aleph) 009650654 | ||
| 090 |
_a9572853 _c9572853 |
||
| 100 | _a20050328d1996 |||y0rusy50 ca | ||
| 101 | 0 | _agiy | |
| 102 | _aRU | ||
| 105 | _aa ||||||||| | ||
| 200 | 1 |
_aУрла гу _eУчеб. пособие для 1 кл. на нивх. яз. (сахал. диалект) _fПаклина Т. И. _g[Федер. целевая прогр. книгоиздания России] |
|
| 210 |
_aЮжно-Сахалинск _cСахал. обл. кн. изд-во _d1996 |
||
| 215 |
_a[1],16 с. _cил. _d20 |
||
| 300 | _aВ аннот.: Паклина Т. И. учитель математики | ||
| 606 | 0 |
_aНивхский язык _91447888 _3RU\NLR\auth\66303114 |
|
| 686 | 1 | _aШ168.5-921 | |
| 700 | 1 |
_aПаклина _bТ. И. _gТамара Ивановна _4070 |
|
| 801 | 0 |
_aRU _bNLR _c20050328 _gPSBO |
|
| 852 |
_aNLR _bОНЛ _jНивх./2-6 |
||
| 942 | _cBOOK | ||
| 980 | _aNB | ||
| 980 | _aONL_RF | ||